Potential to increase beef production in tropical America : [proceedings].

Bibliographic Details
Corporate Authors: Seminar on Potential to Increase Beef Production in Tropical America Cali, Colombia, Centro Internacional de Agricultura Tropical
Format: Conference Proceeding Book
Language:English
Published: Cali, Colombia : Centro Internacional de Agricultura Tropical, 1975.
Series:Series (Centro Internacional de Agricultura Tropical) ; CE-no. 10.
Subjects:

MARC

Tag First Indicator Second Indicator Subfields
LEADER 00000cam a2200000 a 4500
001 in00000087523
005 20151008064830.0
008 781005s1975 ck a b 10000 engm
010 |a  77150771  
035 |a (OCoLC)04499609 
035 |9 AAK4878AM 
040 |a DLC  |c DLC  |d m.c.  |d TXA  |d UtOrBLW 
043 |a cl----- 
049 |a TXAM  |c 1 [1654616], 2 [1502586] 
050 0 0 |a SF196.L3  |b S43 1974 
082 0 |a 636.2/1/3098 
111 2 |a Seminar on Potential to Increase Beef Production in Tropical America  |d (1974 :  |c Cali, Colombia) 
245 1 0 |a Potential to increase beef production in tropical America :  |b [proceedings]. 
264 1 |a Cali, Colombia :  |b Centro Internacional de Agricultura Tropical,  |c 1975. 
300 |a viii, 315 pages :  |b illustrations ;  |c 24 cm. 
336 |a text  |b txt  |2 rdacontent 
337 |a unmediated  |b n  |2 rdamedia 
338 |a volume  |b nc  |2 rdacarrier 
490 1 |a Series / Centro Internacional de Agricultura Tropical ; CE-no. 10 
504 |a Includes bibliographies. 
650 0 |a Beef cattle  |z Latin America  |x Congresses. 
710 2 |a Centro Internacional de Agricultura Tropical. 
830 0 |a Series (Centro Internacional de Agricultura Tropical) ;  |v CE-no. 10. 
999 |a MARS 
999 f f |s bfdeee5f-e430-3679-8c34-408e2ed680a8  |i 25df974c-ff27-30da-bd7b-2f1092145da4  |t 0 
952 f f |p ric  |a Texas A&M University  |b Rellis Campus  |c Joint Library Facility  |d Remote Storage  |t 0  |e SF196.L3 S43 1974  |h Library of Congress classification  |i unmediated -- volume  |m A14806237911 
998 f f |a SF196.L3 S43 1974  |t 0  |l Remote Storage